Welcome to CU Library Online Public Access Catalogue (OPAC)

Physics/ (Record no. 1557)

MARC details
000 -LEADER
fixed length control field 00534nam a22001697a 4500
005 - DATE AND TIME OF LATEST TRANSACTION
control field 20241126113013.0
008 - FIXED-LENGTH DATA ELEMENTS--GENERAL INFORMATION
fixed length control field 241126b |||||||| |||| 00| 0 eng d
020 ## - INTERNATIONAL STANDARD BOOK NUMBER
International Standard Book Number 9780030336287
050 ## - LIBRARY OF CONGRESS CALL NUMBER
Classification number QC23
Item number .K46
100 ## - MAIN ENTRY--PERSONAL NAME
Personal name Kirkpatrick, Larry D.
245 ## - TITLE STATEMENT
Title Physics/
Remainder of title a world view
Statement of responsibility, etc. Larry D. Kirkpatrick & Gerald F. Wheeler
250 ## - EDITION STATEMENT
Edition statement 4th ed.
260 ## - PUBLICATION, DISTRIBUTION, ETC.
Place of publication, distribution, etc. Fort Worth
Name of publisher, distributor, etc. Harcourt College Publishers
Date of publication, distribution, etc. 2001
300 ## - PHYSICAL DESCRIPTION
Extent xxxiii.693. various paging
Other physical details ill. some color
Dimensions 26cm
700 ## - ADDED ENTRY--PERSONAL NAME
Personal name Wheeler, Gerald F.
942 ## - ADDED ENTRY ELEMENTS (KOHA)
Source of classification or shelving scheme Library of Congress Classification
Koha item type Books
Edition 4th ed.
Suppress in OPAC No
999 ## -
-- 1557
-- 1557
Holdings
Withdrawn status Lost status Source of classification or shelving scheme Damaged status Not for loan Collection Home library Current library Shelving location Date acquired Total checkouts Full call number Barcode Date last seen Copy number Price effective from Koha item type
    Library of Congress Classification     Non-fiction Science Library (Miotso) Science Library (Miotso) General stacks 11/26/2024   QC23 .K46 KIR SLM00000869 11/26/2024 1 11/26/2024 Books
© 2023-2024 Copyright: Central University Libraries. All Rights Reserved | Created by: Mahone Tech Office